All Ultra Beast Pokemon - Statistics

General Stats
  • This quiz has been taken 25 times
  • The average score is 8 of 11
Answer Stats
Hint Answer % Correct
#799 Guzzlord
100%
#797 Celesteela
87%
#806 Blacephalon
80%
#794 Buzzwole
80%
#803 Poipole
80%
#793 Nihilego
73%
#795 Pheromosa
73%
#805 Stakataka
73%
#796 Xurkitree
73%
#798 Kartana
67%
#804 Naganadel
33%
No matching quizzes found
Score Distribution
Percent of People with Each Score
Percentile by Number Answered
Your Score History
You have not taken this quiz